| 000 | 01002nam a2200253 a 4500 | ||
|---|---|---|---|
| 001 | BRCA_177 | ||
| 005 | 20190320202917.0 | ||
| 008 | 750530s1981----mx-a---###---#000-0#spa-# | ||
| 040 |
_aDLC _cNBuC _dOCoLC |
||
| 050 | 4 |
_aNA5257.M4 _b.I35 1981 |
|
| 245 | 1 | 0 |
_aIglesias de México _ctexto y dibujos del Dr. Atl [pseudónimo] ; Manuel Toussaint ; fotografías de Guillermo Kahlo. |
| 260 |
_aMéxico _bBanco de México _c1981 |
||
| 300 |
_a6 v. _bil. mapas _c41 cm. |
||
| 500 | _aFacsímil de: Secretaría de Hacienda, 1927 | ||
| 505 | 0 | _aContenido: v.1. Cúpulas. -- v.2. Catedral. -- v.3. Ultra-barrocos. -- v.4. Tipos poblanos. -- v.5. Altares. -- v.6. 1525-1925 | |
| 650 | 1 | 4 |
_aIglesias _xFotografías _zMéxico _9648 |
| 653 | 0 | _aArquitectura religiosa | |
| 653 | 0 | _aOrdenes religiosas | |
| 700 | 1 |
_aToussaint, Manuel _d1890-1955 _9649 |
|
| 700 | 1 |
_aBenítez, José R. _d1882- _9650 |
|
| 700 | 1 |
_aKahlo, Guillermo _d1871- _9651 |
|
| 700 | 1 |
_aMurillo, Gerardo _c(Dr. Atl.) _d1875-1964 _9652 |
|
| 942 |
_2lcc _cB |
||
| 999 |
_c148 _d148 |
||